| 000 | 00432nam a2200145Ia 4500 | ||
|---|---|---|---|
| 008 | 240719s9999 xx 000 0 und d | ||
| 041 | _aeng | ||
| 082 | _a303.3 CHO | ||
| 100 | _aChopra Sanjiv | ||
| 245 | _aLeadership By Example : The Ten Key Principles Of All Great Leaders | ||
| 260 |
_aNew York _bThomas Dunne Books _c2012 |
||
| 300 | _a208.; P. 19 Cm | ||
| 365 |
_c _b22.99 |
||
| 520 | _aGifted By : IMT Faculty Dr.senthil kumar | ||
| 999 |
_c41187 _d41187 |
||